| 000 | 00518nam a2200157 a 4500 | ||
|---|---|---|---|
| 005 | 20140412111316.0 | ||
| 008 | 001218s19uu xx 00 eng d | ||
| 050 |
_aER _bAp52 |
||
| 100 | _aRidsdale, Angela M. | ||
| 245 |
_aApples for a show horse / _cwritten and edited by Angela M. Ridsdale, Myrtle P. Curtis, Sister Marie Eustelle. |
||
| 260 |
_aMelbourne : _bThomas Nelson (Australia) Ltd, _c1970. |
||
| 300 | _a16 p. ; ill. | ||
| 440 | _aYoung Australia Stepping Stone 18 | ||
| 650 | _aReading | ||
| 999 |
_c104212 _d104212 |
||